000 00344nam a2200145Ia 4500
003 SISC
005 20180213142733.0
008 180205s9999 xx 000 0 und d
020 _a449224074
100 _aMandino, Og
245 4 _aThe spellbinders gift /
260 _aUSA
_bBallantine Books
_c1995
300 _a180 pages
942 _2lcc
_cBK
999 _c354762
_d354762